书目信息 |
| 题名: |
工厂安全标准化管理操作规程
|
|
| 作者: | 滕宝红 主编 | |
| 分册: | ||
| 出版信息: | 北京 中国标准出版社 2004.05 |
|
| 页数: | 363页 | |
| 开本: | 24cm | |
| 丛书名: | 生产管理国际通用标准 | |
| 单 册: | ||
| 中图分类: | TB496-65 | |
| 科图分类: | ||
| 主题词: | 企业管理--生产管理--安全管理--操作--规程 , 工厂安全--管理--规程 | |
| 电子资源: | ||
| ISBN: | 7-5066-3289-6 | |
| 000 | 01365nam 2200313 450 | |
| 001 | 0140020663 | |
| 005 | 20051018103247.02 | |
| 010 | @a7-5066-3289-6@dCNY48.00(含光盘) | |
| 100 | @a20050126d2004 km y0chiy0120 ea | |
| 101 | 0 | @achi |
| 102 | @aCN@b110000 | |
| 105 | @aa l 000yy | |
| 200 | 1 | @a工厂安全标准化管理操作规程@Agong chang an quan biao zhun hua guan li cao zuo gui cheng@d= The operation rules of standardizing management for factory safety@f滕宝红主编@Fteng bao hong zhu bian@zeng |
| 210 | @a北京@c中国标准出版社@d2004.05 | |
| 215 | @a363页@c图@d24cm@e光盘1片 | |
| 225 | 2 | @a生产管理国际通用标准@i亚洲版 |
| 225 | 2 | @a哈佛模式·世界加工厂标准化管理文库 |
| 307 | @a光盘 ISBN : 7-900138-70-6 | |
| 330 | @a本书首先讲述了企业安全文化建设模式的建立、安全目标的管理、安全预测及安全检查工作的实施等内容。接着从职业安全、作业安全、消防安全三方面阐述了安全管理的知识,本书的最后还讲述了安全检查事故的处理工作。 | |
| 410 | 0 | @12001 @a哈佛模式·世界加工厂标准化管理文库 |
| 410 | 0 | @12001 @a亚洲版 |
| 410 | 0 | @12001 @a生产管理国际通用标准 |
| 510 | 1 | @aOperation rules of standardizing management for factory safety@zeng |
| 606 | 0 | @a企业管理@x生产管理@x安全管理@x操作@x规程 |
| 606 | 0 | @a工厂安全@x管理@x规程 |
| 690 | @aTB496-65@v4 | |
| 701 | 0 | @a滕宝红@Ateng bao hong@4主编 |
| 801 | 0 | @aCN@bQSSK@c20051018 |
| 905 | @a10447@dTB496-65@eT416 | |
| 工厂安全标准化管理操作规程= The operation rules of standardizing management for factory safety/滕宝红主编.-北京:中国标准出版社,2004.05 |
| 363页:图;24cm+光盘1片.-(生产管理国际通用标准.亚洲版).-(哈佛模式·世界加工厂标准化管理文库) |
| ISBN 7-5066-3289-6:CNY48.00(含光盘) |
| 本书首先讲述了企业安全文化建设模式的建立、安全目标的管理、安全预测及安全检查工作的实施等内容。接着从职业安全、作业安全、消防安全三方面阐述了安全管理的知识,本书的最后还讲述了安全检查事故的处理工作。 |
| ● |
| 相关链接 |
|
|
|
正题名:工厂安全标准化管理操作规程
索取号:TB496-65/T416
 
预约/预借
| 序号 | 登录号 | 条形码 | 馆藏地/架位号 | 状态 | 备注 |
| 1 | 570713 | 205707136 | 自科库501/501自科库 18排1列1层/ [索取号:TB496-65/T416] | 在馆 | |
| 2 | 570714 | 205707145 | 自科库501/501自科库 18排1列1层/ [索取号:TB496-65/T416] | 在馆 | |
| 3 | 570715 | 205707154 | 期刊室512/501自科库 17排3列4层/ [索取号:TB496-65/T416] | 在馆 |